000 00319nam a2200109Ia 4500
008 200302s9999 xx 000 0 und d
100 _aNorman K. Booth & Other
245 _aResidential Landscape Architecture Design Process for the Private Residence
260 _bPrentice Hall Inc.
260 _c1991
300 _a377 P.,
999 _c2120
_d2120